Регионална библиотека "Любен Каравелов" - Русе

Die Frankfurter Schule (Запис номер 48294)

MARC детайли
000 -Лидер
Контролно поле с фиксирана дължина 01367nam a2200337 c 4500
003 - Код на организацията, давaща контролен номер
Контролно поле BLK
005 - Дата и час на последна редакция
Контролно поле 20180420221906.0
008 - Елементи от данни с фиксирана дължина
fixed length control field 180408b bul|||||r ||||||| ||bul||
010 ## - Наследен системен номер
LC control number KNG00052111000
020 ## - Международен стандартен номер на книга ISBN
Международен стандартен номер на книга ISBN 3-446-13132-9
-- издат.: Carl Hanser
040 ## - Източник на каталожния запис
Идентификатор на билиотеката - собственик на записа BLK
041 ## - Код за език
Код за езика на текст/звукозапис или на отделно заглавие Немски
Код за езика КДБФ Немски
080 ## - УДК
Текстов определител УДК Социологистични направления - Неопозитивисти (Роберти), чист социологизъм (Дюркем), формална социология, институционалисти, Франкфуртска школа(Маркузе и др. )
УДК код - определител по УДК 316.25
УДК определител
УДК - код + определител 316.25
100 1# - Редна дума - Автор
Автор Wiggerhaus, Rolf
Авторска отговорност първи автор
R(LIN) 28088
139 ## - Редно поле
Редна дума Wiggerhaus, Rolf
Авторски знак Wies - W 67
245 10 - Сведения за заглавието
Заглавие Die Frankfurter Schule
Подзаглавни данни Geschichte, theoretishe Entwicklung, politische Bedeutung
Редно поле (дума) Rolf Wiggerhaus.
250 ## - Област на изданието
Сведения за изданието 2. Aufl.
257 ## - Страна на издаване
Страна на създаване/издаване Германия
260 ## - Област на издателските данни
-- Munchen
Име на издателя, разпространителя и проч. Carl Hanser
Година на издаване 1987
300 ## - Физическа характеристика
Страници 800 c
Размери/Мащаб 23 cm
380 ## - Жанр
Жанр Обществени науки
650 #4 - Допълнително описание по предмет – тема
Основно описание – тема или топоним Социология - направления и школи
9 (RLIN) 281693
650 #4 - Допълнително описание по предмет – тема
Основно описание – тема или топоним Франкфуртска школа
9 (RLIN) 176011
653 ## - Ключова дума – ненормативна
Ключова дума социология
653 ## - Ключова дума – ненормативна
Ключова дума Франкфуртска школа
852 ## - Местоположение
Форматна сигнатура Цб 187631
856 4# - Електронен адрес и достъп
Електронен формат pdf - файл
Път до файла /url/
856 4# - Електронен адрес и достъп
Електронен формат pdf - файл
Път до файла /url/
942 ## - АРТИКУЛИ
Вид на библиотечния материал Книги
Скрит в OPAC Не
944 ## - СЪЗДАВАНЕ И РЕДАКЦИЯ на ЗАПИСА
Създаване/Редакция Създаване
Дата на регистрацията/редакция 01.01.1999
Служител, извършил регистрацията/редакцията Теодора_Стоянова
944 ## - СЪЗДАВАНЕ И РЕДАКЦИЯ на ЗАПИСА
Създаване/Редакция Редакция
Дата на регистрацията/редакция 07.02.2017
Служител, извършил регистрацията/редакцията Лили_Борисова
999 ## - СИСТЕМНИ КОНТРОЛНИ НОМЕРА
Koha biblionumber 48294
Koha biblioitemnumber 48294
Наличности
Код за отписване Код за изгубен артикул Източник на класификационната схема Код за повреда Коз за рестрикции Код за отдаване Артикулен № Име на библиотеката - собственик Име на библиотеката, в която се намира в момента Статус (Текущо местоположение) Дата на вписване в системата Местоположение - отдел Цена в лева Инвентарен номер Систематично азбучна сигнатура Баркод Номер на екземпляра Цена в евро Служебна бележка Служебен тип на артикула
  Не е изгубен Universal Decimal Classification Не е повреден без рестрикции заемане за дома 75811 Регионална библиотека "Любен Каравелов" Русе Регионална библиотека "Любен Каравелов" Русе ЧЧЗО - нем. ез. - Гьоте инст. 2002-01-01 ЧЧЗО - нем. ез. - Гьоте инст. 20.00 120000902186 Ч5 316/W68R 120000902186 1 10.23 Дост: Da Дата: 01.01.1987 Книги
Vip Innovations Ltd, Rousse, Bulgaria 2025